000 01083nam a2200313 i 4500
003 DO-SdBNP
005 20251008131224.0
007 ta
008 220714e1975 dr ac||fr|||| 001 0dspa d
040 _aDO-SdBNP
_bspa
_cBNPHU
_erda
041 _aspa
082 4 _a616.025
_bU75m 1975
_222
245 1 0 _aUrgencias médicas :
_ceditor, Guarocuya Batista del Villar.
250 _aPrimera edición
264 _aSanto Domingo, República Dominicana :
_bEditora Taller,
_c1975.
300 _a611 páginas :
_bilustraciones, retratos ;
_c21 cm.
336 _atexto
_btxt
_2rdacontent
337 _asin mediación
_bnc
_2rdamedia
338 _avolumen
_bnc
_2rdacarrier
500 _aIncluye referencias bibliográficas e índices
590 _aInventariado 2024/BT
650 4 _aUrgencias médicas
_92343
650 4 _918252
_aTrastornos neurológicos
650 4 _aTrastornos psiquiátricos
_982010
650 4 _aMedicina de Emergencia
_xRepública Dominicana
_982009
700 1 _aBatista del Villar. Guarocuya,
_eeditor
_920408
_4ed.
910 _aBtavárez
942 _2ddc
_cLBS1
999 _c56584
_d56584